Quelle place pour l’adulte handicapé vieillissant ? (notice n° 1640238)

détails MARC
000 -LEADER
fixed length control field 01246cam a2200205 4500500
005 - DATE AND TIME OF LATEST TRANSACTION
control field 20260201081635.0
041 ## - LANGUAGE CODE
Language code of text/sound track or separate title fre
042 ## - AUTHENTICATION CODE
Authentication code dc
100 10 - MAIN ENTRY--PERSONAL NAME
Personal name Iglesias, Nicolas
Relator term author
245 00 - TITLE STATEMENT
Title Quelle place pour l’adulte handicapé vieillissant ?
260 ## - PUBLICATION, DISTRIBUTION, ETC.
Date of publication, distribution, etc. 2020.<br/>
500 ## - GENERAL NOTE
General note 49
520 ## - SUMMARY, ETC.
Summary, etc. Cet article relate l’expérience de la première maison de retraite ouverte spécifiquement pour personnes présentant des troubles psychiques par la Croix-Marine en Auvergne en 1972. Ayant successivement adopté les statuts d’EHPAD puis de Foyer d’accueil médicalisé pour personnes handicapées vieillissantes, l'établissement est animé par une équipe médicale doublée d’une équipe pédagogique qui en assure l’animation. La structure devient finalement pour les résidents un lieu pour vivre en étant accompagnés jusqu’à la fin de vie.
690 ## - LOCAL SUBJECT ADDED ENTRY--TOPICAL TERM (OCLC, RLIN)
Topical term or geographic name as entry element Etablissement d’hébergement pour personne âgée
690 ## - LOCAL SUBJECT ADDED ENTRY--TOPICAL TERM (OCLC, RLIN)
Topical term or geographic name as entry element handicap psychique
690 ## - LOCAL SUBJECT ADDED ENTRY--TOPICAL TERM (OCLC, RLIN)
Topical term or geographic name as entry element outil pédagogique
690 ## - LOCAL SUBJECT ADDED ENTRY--TOPICAL TERM (OCLC, RLIN)
Topical term or geographic name as entry element vieillissement
786 0# - DATA SOURCE ENTRY
Note Pratiques en santé mentale | 66e aée | 1 | 2020-02-20 | p. 14-17 | 1286-1286
856 41 - ELECTRONIC LOCATION AND ACCESS
Uniform Resource Identifier <a href="https://shs.cairn.info/revue-pratique-en-sante-mentale-2020-1-page-14?lang=fr&redirect-ssocas=7080">https://shs.cairn.info/revue-pratique-en-sante-mentale-2020-1-page-14?lang=fr&redirect-ssocas=7080</a>

Pas d'exemplaire disponible.

PLUDOC

PLUDOC est la plateforme unique et centralisée de gestion des bibliothèques physiques et numériques de Guinée administré par le CEDUST. Elle est la plus grande base de données de ressources documentaires pour les Étudiants, Enseignants chercheurs et Chercheurs de Guinée.

Adresse

627 919 101/664 919 101

25 boulevard du commerce
Kaloum, Conakry, Guinée

Réseaux sociaux

Powered by Netsen Group @ 2025